000 00549nmm a2200193Ia 4500
008 251105s9999||||xx |||||||||||||||||und||
020 _a9788433979568
041 _aspa
100 _aZulaika Goicoechea, Jesús
245 0 _aFunny Girl
264 _a[Madrid, España] :
_bEditorial Anagrama,
_c2016
300 _a408 páginas
490 _aPanorama de narrativas
650 _aEnglish Narrative
700 _aZulaika Goicoechea, Jesús
700 1 _a Hornby, Nick
856 _uhttps://public.digitaliapublishing.com/a/42395
942 _cCF
999 _c72823
_d72823